000
00338nam a2200145Ia 4500
008
230718s9999 xx 000 0 und d
041
_a
Eng.
082
_a
346.42
_b
KAR-M
100
_a
Karker, Stephen
245
0
_a
Matrimonial Hand Book
260
_a
Pakistan
_b
Sweet and maxwell
_c
2000
300
_a
237
650
_a
Law
999
_c
30162
_d
30162